[Event "Muensterland Verbandsklasse-A 0506"]
[Site "Germany"]
[Date "2005.09.03"]
[Round "1.7"]
[White "Wegner, Verena"]
[Black "Trippe, Fabian"]
[Result "1-0"]
[WhiteElo "2022"]
[BlackElo "1733"]
[PlyCount "69"]
[EventDate "2005.09.03"]
[EventType "team"]
[EventRounds "9"]
[EventCountry "GER"]
[SourceTitle "EXT 2006"]
[Source "ChessBase"]
[SourceDate "2005.11.24"]
[SourceVersion "1"]
[SourceVersionDate "2005.11.24"]
[SourceQuality "1"]
[WhiteTeam "Heiden II"]
[BlackTeam "Buldern"]
[WhiteTeamCountry "GER"]
[BlackTeamCountry "GER"]

1. e4 b6 2. d4 Bb7 3. Bd3 e6 4. Nf3 Nf6 5. Bg5 Be7 6. Nc3 0-0 7. 0-0 d6 8. Re1 h6 9. Bh4 Nc6 10. a3 g5 11. e5 gxh4 12. exf6 Bxf6 13. Re4 Kh8 14. Nxh4 Bxh4 15. Qh5 Bg5 16. h4 Rg8 17. Rg4 Bd2 18. f4 Qf8 19. Rxg8+ Kxg8 20. Ne4 f5 21. Nxd2 Qg7 22. Qf3 Rb8 23. Qf2 Nxd4 24. Re1 Kh8 25. c3 Nc6 26. Re3 Rg8 27. Kh2 Qf6 28. g3 Ne7 29. Nf3 Rg4 30. Ne5 Rg7 31. Nd7 Qg6 32. Nf6 Qe8 33. Rxe6 Qc6 34. Re1 Rf7 35. Ng8 1-0

[Event "GER-chT3 West (Women) 0405"]
[Site "Germany"]
[Date "2005.04.24"]
[Round "5.4"]
[White "Wegner, Verena"]
[Black "Kosslowski, Ursel"]
[Result "1/2-1/2"]
[WhiteElo "1780"]
[BlackElo "1426"]
[PlyCount "52"]
[EventDate "2004.11.07"]
[EventType "team"]
[EventRounds "5"]
[EventCountry "GER"]
[SourceTitle "EXT 2006"]
[Source "ChessBase"]
[SourceDate "2005.11.24"]
[SourceVersion "1"]
[SourceVersionDate "2005.11.24"]
[SourceQuality "1"]
[WhiteTeam "Heiden (W)"]
[BlackTeam "Walsum (W)"]
[WhiteTeamCountry "GER"]
[BlackTeamCountry "GER"]

1. e4 d5 2. exd5 Nf6 3. c4 e6 4. dxe6 Bxe6 5. Nf3 Nc6 6. d4 Bg4 7. d5 Bxf3 8. Qxf3 Ne5 9. Qe2 Bb4+ 10. Bd2 Bxd2+ 11. Nxd2 0-0 12. 0-0-0 Re8 13. Nf3 Qd6 14. Nxe5 Rxe5 15. Qc2 Rae8 16. Bd3 c6 17. dxc6 Qxc6 18. g4 g6 19. f4 Re3 20. h3 Qf3 21. Rh2 Qxf4 22. Rf2 Qg5 23. Qd2 Kg7 24. Rf3 h6 25. h4 Qc5 26. Rxe3 Qxe3 1/2-1/2

[Event "BL2 Gr1 0304 (Women)"]
[Site "Germany"]
[Date "2003.10.25"]
[Round "1.2"]
[White "Storch, Mary Ann"]
[Black "Wegner, Verena"]
[Result "1-0"]
[WhiteElo "2052"]
[BlackElo "1723"]
[PlyCount "83"]
[EventDate "2003.10.25"]
[EventType "team-tourn"]
[EventRounds "7"]
[EventCountry "GER"]
[SourceTitle "EXT 2006"]
[Source "ChessBase"]
[SourceDate "2005.11.24"]
[SourceVersion "1"]
[SourceVersionDate "2005.11.24"]
[SourceQuality "1"]
[WhiteTeam "Wattenscheid (W)"]
[BlackTeam "Heiden (W)"]
[WhiteTeamCountry "GER"]
[BlackTeamCountry "GER"]

1. e4 e5 2. Bc4 Nf6 3. d4 Nc6 4. Nf3 exd4 5. e5 Ne4 6. 0-0 Be7 7. Re1 d5 8. Bb5 0-0 9. Bxc6 bxc6 10. Nxd4 Bd7 11. Nd2 Ng5 12. f4 Ne6 13. Nxe6 Bxe6 14. Nf3 c5 15. h3 c4 16. c3 Bf5 17. g4 Bc5+ 18. Be3 Bxe3+ 19. Rxe3 Bd3 20. f5 Rb8 21. b4 c6 22. Nd4 Qg5 23. Qf3 Be4 24. Qg3 h5 25. Nxc6 Rb6 26. Nd4 hxg4 27. hxg4 Rh6 28. Kf2 Rb8 29. a4 Rh4 30. e6 Rf8 31. Rg1 Qh6 32. g5 Rh2+ 33. Ke1 Qh5 34. e7 Re8 35. f6 g6 36. Qg4 Rh1 37. Reg3 Qh2 38. Rxh1 Qxh1+ 39. Rg1 Qh2 40. Ne2 Bf5 41. Qg3 Qh5 42. Nf4 1-0